| 000 | 00608nam a2200181 i 4500 | ||
|---|---|---|---|
| 001 | 54321 | ||
| 003 | ES-MaACL | ||
| 005 | 20250819000536.0 | ||
| 007 | t| | ||
| 008 | 031205s1875 it ||||1| ita d | ||
| 100 | 0 |
_aFoĆ , Cesare. _951380 |
|
| 245 | 1 | 4 |
_aUn' antica versione spagnuola del Cantico dei Cantici : trascritta dai caratteri ebraici quadrati e accompagnata da un'avvertenza / _cper Cesare Foa. |
| 260 |
_aTorino : _bEredi Botta, _c1875. |
||
| 300 |
_a23 p. ; _c24 cm. |
||
| 630 | 0 | 4 |
_aBiblia. _pA. T. _pCantar de los cantares _9119254 |
| 852 |
_aES-MaACL _jT-206-F-12 |
||
| 999 |
_c54321 _d54321 |
||